Markets (Record no. 82296)

MARC details
000 -LEADER
fixed length control field 01211cam a22002175a 4500
001 - CONTROL NUMBER
control field L149843
008 - FIXED-LENGTH DATA ELEMENTS--GENERAL INFORMATION
fixed length control field 100504e2010 xxk 000 0 eng d
035 ## - SYSTEM CONTROL NUMBER
System control number (Sirsi) u149843
041 0# - LANGUAGE CODE
Language code of text/sound track or separate title eng
100 1# - MAIN ENTRY--PERSONAL NAME
Personal name Chesters, Laura
245 00 - TITLE STATEMENT
Title Markets
Remainder of title ports, airports and rail freight
260 ## - PUBLICATION, DISTRIBUTION, ETC.
Date of publication, distribution, etc. 2010
490 #0 - SERIES STATEMENT
Series statement Property Week
Volume/sequential designation 76(14) 9 April 2010, 33-36(4)
520 ## - SUMMARY, ETC.
Summary, etc. Milligan is to revamp its retail offering at City airport, the UK's main business airport. Global Infrastructure, Gatwick's new owner, says that large-scale future investment will be necessary. Infrastructure works for the 3.5m sq ft Inverness Airport Business Park is to start in November 2010. Lack of prelets at HelioSlough's proposed inland port near Doncaster dampens the project. Occupiers consider the cost of rail freight terminals'environment credentials. DP World seeks prelets for its London Gateway 453 acre site deep-sea port development, the biggest in the UK ports sector. Segro revises its approach to Heathrow lettings.
590 ## - LOCAL NOTE (RLIN)
Local note KA
651 #4 - SUBJECT ADDED ENTRY--GEOGRAPHIC NAME
Geographic name United Kingdom
Chronological subdivision
690 ## - LOCAL SUBJECT ADDED ENTRY--TOPICAL TERM (OCLC, RLIN)
Topical term or geographic name as entry element PROPERTY-COMMERCIAL PROPERTY-COMMERCIAL PROPERTY MARKET
700 1# - ADDED ENTRY--PERSONAL NAME
Personal name Hatcher, David
700 1# - ADDED ENTRY--PERSONAL NAME
Personal name Collie, Brian
942 ## - ADDED ENTRY ELEMENTS (KOHA)
Suppress in OPAC 0
Holdings
Withdrawn status Lost status Source of classification or shelving scheme Damaged status Not for loan Home library Current library Shelving location Date acquired Total Checkouts Full call number Barcode Date last seen Copy number Price effective from Koha item type
    Dewey Decimal Classification     London London Journal article 04/05/2010   L149843 149843-1001 06/08/2019 1 06/08/2019 Journal article